[Event "Gausdal-ch op"]
[Site "Gausdal"]
[Date "1997.04.03"]
[Round "4"]
[White "Tjomsland, Stig"]
[Black "Elsness, Frode"]
[Result "1/2-1/2"]
[WhiteElo "2255"]
[BlackElo "2330"]

1.d4 Nf6 2.c4 g6 3.Nc3 d5 4.cxd5 Nxd5 5.e4 Nxc3 6.bxc3 Bg7 7.Be3 c5 8.Nf3 O-O
9.Rc1 Bg4 10.Qd2 Bxf3 11.gxf3 cxd4 12.cxd4 e6 13.Bb5 Qh4 14.Ke2 a6 15.Qa5 f5
16.Bc4 Nc6 17.Bxe6+ Kh8 18.Rxc6 bxc6 19.e5 Rad8 20.Qc5 Rfe8 21.Qxc6 Qe7 22.d5 Bxe5
23.f4 Rd6 24.Qa4 Bf6 25.h4 Rb8 26.Rc1 Bxh4 27.Rc7 Qxc7 28.Bd4+ Qg7 29.Bxg7+ Kxg7
30.Qd4+ Kh6 31.Kf3 Rf8 32.Qc5 Rfd8 33.Qc7 Bf6 34.Ke2 Bh4 35.Kf3 Bf6 36.Kg3 Bd4
37.Qe7 Bc5 38.Kh3 a5 39.Qc7 Bb4 40.a3 Bxa3 41.Qxa5 Bb2 42.Qb4 Bf6 43.Qb7 Bd4
44.Kg3 Bc5 45.f3 Ba3 46.Kf2 Rf8 47.Qa7 Bb4 48.Ke3 Rdd8 49.Qb6 Rb8 50.Qc6 Rbd8
51.Qb6 Bd6 52.Qc6 Rfe8 53.Qb6 Bb8 54.Qb7 Bd6 55.Qb6 Bf8 56.Kf2 Rd6 57.Qb3 Ra8
58.Kg3 Rdd8 59.Qb2 Rab8 60.Qf6 Bd6 61.Bxf5 Bxf4+ 62.Kxf4 Rf8 63.Qg5+ Kg7
64.Qe7+ Kh6 65.Kg3 Rxf5 66.d6 Rb3 67.Qh4+ Kg7 68.Qd4+ Kh6 69.d7 Rbxf3+ 70.Kg4 Rf8
71.d8=Q Rxd8 72.Qxd8 Rf7 73.Qg8  1/2-1/2

[Event "FRA-chT9697 final"]
[Site "Clichy"]
[Date "1997.05.01"]
[Round "8"]
[White "Bacrot, Etienne"]
[Black "Roos, Daniel"]
[Result "1-0"]
[WhiteElo "2500"]
[BlackElo "2415"]

1.d4 Nf6 2.c4 g6 3.Nc3 d5 4.cxd5 Nxd5 5.e4 Nxc3 6.bxc3 Bg7 7.Bb5+ c6 8.Ba4 Nd7
9.Nf3 O-O 10.O-O Qc7 11.h3 Rb8 12.Qe2 b5 13.Bb3 Nb6 14.Rd1 a5 15.a3 Bd7 16.Bg5 Rbe8
17.Qe3 a4 18.Ba2 Be6 19.Bf4 Qb7 20.Bxe6 fxe6 21.Ng5 Qc8 22.Qg3 Bf6 23.Nf3 Rf7
24.e5 Bg7 25.Ng5 Rf5 26.Ne4 Qd7 27.Bg5 Qd5 28.Re1 Nc4 29.h4 Kh8 30.Qg4 Ref8
31.Bxe7 Rf4 32.Qe2 R8f7 33.Bg5 R4f5 34.Bf6 h5 35.f3 Kg8 36.Ng3 R5xf6 37.exf6 Rxf6
38.Ne4 Rf5 39.Ng5 Bh6 40.Qxe6+ Qxe6 41.Rxe6 Bf8 42.Rxg6+ Kh8 43.Rxc6 Nxa3
44.Ne6  1-0

[Event "Linz"]
[Site "Linz"]
[Date "1997.05.24"]
[Round "8"]
[White "Kortschnoj, Viktor"]
[Black "Romanishin, Oleg M"]
[Result "1/2-1/2"]
[WhiteElo "2635"]
[BlackElo "2555"]

1.d4 Nf6 2.c4 g6 3.Nc3 d5 4.cxd5 Nxd5 5.e4 Nxc3 6.bxc3 Bg7 7.Bb5+ c6 8.Ba4 O-O
9.Ne2 a5 10.Rb1 b5 11.Bc2 Be6 12.O-O Na6 13.Bb3 Bxb3 14.Qxb3 e5 15.Be3 exd4
16.cxd4 Qe7 17.f3 Rfc8 18.Nf4 Qb4 19.Qd3 Qa4 20.a3 b4 21.axb4 Nxb4 22.Qc4 Qb5
23.Rfc1 Qxc4 24.Rxc4 Bf8 25.Kf1 Rcb8 26.Bd2 Rb5 27.Rxc6 Nxc6 28.Rxb5 Nxd4
29.Rxa5 Rxa5 30.Bxa5 Bd6 31.Bd2 Ne6 32.Ne2 f5 33.exf5 gxf5 34.g3 Kf7 35.Kf2 h5
36.h4 Be5 37.Be1 Bc7 38.Ke3 Kg6 39.Kd3 f4 40.g4 hxg4 41.fxg4 f3 42.Ng1 Ng5
43.Bf2 Bb8  1/2-1/2

[Event "Sigeman & Co"]
[Site "Malmo"]
[Date "1997.06.11"]
[Round "2"]
[White "Cramling, Pia"]
[Black "Hellers, Ferdinand"]
[Result "1/2-1/2"]
[WhiteElo "2545"]
[BlackElo "2585"]

1.d4 Nf6 2.c4 g6 3.Nc3 d5 4.cxd5 Nxd5 5.e4 Nxc3 6.bxc3 Bg7 7.Bc4 c5 8.Ne2 Nc6
9.Be3 O-O 10.O-O Bg4 11.f3 Na5 12.Bd3 cxd4 13.cxd4 Be6 14.Rc1 Bxa2 15.Qa4 Be6
16.d5 Bd7 17.Qb4 e6 18.Nc3 exd5 19.Nxd5 Be6 20.Rfd1 Bxd5 21.exd5 Re8 22.Bf2 Bf8
23.Qa4 a6 24.d6 Bxd6 25.Be4 Re6 26.Bd5 Re2 27.Ra1 Nc6 28.Bxc6 bxc6 29.Qxc6 Re6
30.Bg3 Bxg3 31.Rxd8+ Rxd8  1/2-1/2

[Event "Sigeman & Co"]
[Site "Malmo"]
[Date "1997.06.11"]
[Round "2"]
[White "Akesson, Ralf"]
[Black "Timman, Jan H"]
[Result "0-1"]
[WhiteElo "2515"]
[BlackElo "2630"]

1.d4 Nf6 2.c4 g6 3.Nc3 d5 4.cxd5 Nxd5 5.e4 Nxc3 6.bxc3 Bg7 7.Be3 c5 8.Qd2 Qa5
9.Rb1 b6 10.Bb5+ Bd7 11.Bd3 Nc6 12.Ne2 O-O 13.h4 Rfd8 14.h5 cxd4 15.cxd4 Rac8
16.Qxa5 Nxa5 17.Bg5 f6 18.Bd2 Nc4 19.Bb4 e5 20.hxg6 hxg6 21.dxe5 Nxe5 22.Ba6 Rc2
23.f4 Nc6 24.Bc3 Bg4 25.Bc4+ Kf8 26.Rb2 Rxc3 27.Nxc3 f5 28.e5 Nxe5 29.fxe5 Bxe5
30.Rc2 Bxc3+ 31.Kf2 Bd4+ 32.Kg3 Be5+ 33.Kf2 f4 34.Rh7 Rd1 35.g3 Bd4+  0-1

[Event "Sigeman & Co"]
[Site "Malmo"]
[Date "1997.06.15"]
[Round "6"]
[White "Sokolov, Ivan"]
[Black "Timman, Jan H"]
[Result "1-0"]
[WhiteElo "2615"]
[BlackElo "2630"]

1.d4 Nf6 2.c4 g6 3.Nc3 d5 4.cxd5 Nxd5 5.e4 Nxc3 6.bxc3 Bg7 7.Bb5+ c6 8.Ba4 b5
9.Bb3 b4 10.Qf3 O-O 11.h4 bxc3 12.Ne2 h5 13.Qxc3 Bb7 14.O-O c5 15.Qxc5 Bxe4
16.Bg5 Nd7 17.Qa3 Bf6 18.Rfe1 Bxg5 19.hxg5 e6 20.Nf4 Bf5 21.d5 exd5 22.Bxd5 Rc8
23.Re7 Qb6 24.Rae1 Rc2 25.Qf3 Qc5 26.Rxd7 Bxd7 27.Nxg6 Qc3 28.Qxh5  1-0

[Event "Sigeman & Co"]
[Site "Malmo"]
[Date "1997.06.18"]
[Round "9"]
[White "Akesson, Ralf"]
[Black "Hellers, Ferdinand"]
[Result "1/2-1/2"]
[WhiteElo "2515"]
[BlackElo "2585"]

1.d4 Nf6 2.c4 g6 3.Nc3 d5 4.cxd5 Nxd5 5.e4 Nxc3 6.bxc3 Bg7 7.Bb5+ c6 8.Ba4 b5
9.Bb3 b4 10.Ne2 bxc3 11.Be3 O-O 12.Rc1 Nd7 13.Nxc3 Ba6 14.f4 Qa5 15.Qd2  1/2-1/2

[Event "CZE-ch"]
[Site "Zlin"]
[Date "1997.06.??"]
[Round "7"]
[White "Cvek, Robert"]
[Black "Kalod, Radek"]
[Result "0-1"]
[WhiteElo "2340"]
[BlackElo "2455"]

1.d4 Nf6 2.c4 g6 3.Nc3 d5 4.cxd5 Nxd5 5.e4 Nxc3 6.bxc3 Bg7 7.Be3 c5 8.Qd2 Qa5
9.Rb1 b6 10.Bb5+ Bd7 11.Bd3 Nc6 12.Ne2 O-O 13.h4 h5 14.e5 Rad8 15.Be4 Be8
16.f4 f6 17.exf6 Rxf6 18.d5 e6 19.d6 Bf8 20.Qc2 Rxd6 21.O-O Ne7 22.c4 Nf5
23.Qb3 Nxh4 24.Bc1 Nf5 25.Bb2 Nd4 26.Nxd4 cxd4 27.Qg3 Bf7 28.Rbd1 Rd7 29.Kh1 Qc5
30.Rf3 Bh6 31.Qf2 e5 32.fxe5 Rxf3 33.Bxf3 Be3 34.Qg3 Re7 35.e6 Rxe6 36.Bd5 Rf6
37.Qb8+ Qf8 38.Qe5 Bxd5 39.Qxd5+ Kh7 40.Bxd4 Rf1+ 41.Rxf1 Qxf1+ 42.Kh2 Qf4+  0-1

[Event "CZE-ch"]
[Site "Zlin"]
[Date "1997.06.??"]
[Round "9"]
[White "Haba, Petr"]
[Black "Kalod, Radek"]
[Result "1/2-1/2"]
[WhiteElo "2520"]
[BlackElo "2455"]

1.d4 Nf6 2.c4 g6 3.Nc3 d5 4.cxd5 Nxd5 5.e4 Nxc3 6.bxc3 Bg7 7.Nf3 c5 8.Rb1 O-O
9.Be2 cxd4 10.cxd4 Qa5+ 11.Qd2 Qxd2+ 12.Bxd2 e6 13.O-O b6 14.Rbc1 Bb7 15.Bb4 Rd8
16.Bb5 Bf8 17.Bxf8 Rxf8 18.Rfe1 Na6 19.Ne5 Rfc8 20.f3 f6 21.Nc4 Rd8 22.e5 Rxd4
23.Nd6 Nc5 24.Nxb7 Nxb7 25.Rc7 Nc5 26.exf6 Rf8 27.Rg7+ Kh8 28.Rxa7 Rxf6 29.a4 Kg8
30.Rc1 Rf7 31.Rxf7 Kxf7 32.a5 Rb4 33.Bf1 Ke7 34.a6 Ra4 35.Rb1 Nxa6 36.Rxb6 Nc5
37.Rc6 Ra5 38.Rc7+  1/2-1/2

[Event "Oberwart op"]
[Site "Oberwart"]
[Date "1997.07.05"]
[Round "1"]
[White "Zwinger, Stefan"]
[Black "Rogulj, Branko"]
[Result "0-1"]
[WhiteElo "1818"]
[BlackElo "2425"]

1.d4 Nf6 2.c4 g6 3.Nc3 d5 4.cxd5 Nxd5 5.e4 Nxc3 6.bxc3 Bg7 7.Bc4 O-O 8.Ne2 Qd7
9.Ba3 b6 10.O-O Bb7 11.f3 Nc6 12.Qd2 Na5 13.Bd3 c5 14.Bb2 e6 15.Rad1 Rfd8
16.Qe1 Qa4 17.Bb1 Ba6 18.Qf2 cxd4 19.cxd4 Bxe2 20.Qxe2 Bxd4+ 21.Bxd4 Rxd4
22.e5 Rad8 23.Rxd4 Qxd4+ 24.Kh1 Nc4 25.f4 Ne3 26.Re1 Qxf4 27.g3 Qxe5 28.Qf3 Qc3  0-1

[Event "Wch U20"]
[Site "Zagan"]
[Date "1997.07.15"]
[Round "2"]
[White "Karner, Christoph"]
[Black "Henni, Mohamed"]
[Result "1-0"]
[WhiteElo "2155"]
[BlackElo "2375"]

1.d4 Nf6 2.c4 g6 3.Nc3 d5 4.cxd5 Nxd5 5.e4 Nxc3 6.bxc3 Bg7 7.Nf3 O-O 8.Rb1 c5
9.Be2 cxd4 10.cxd4 Qa5+ 11.Bd2 Qxa2 12.O-O a5 13.Bg5 Qe6 14.Qc2 Na6 15.Bc4 Qd6
16.Qb3 Nb4 17.e5 Qd8 18.d5 h6 19.Bh4 g5 20.Bg3 Bf5 21.Rbc1 b5 22.Bxb5 Qxd5
23.Bc4 Qb7 24.e6 fxe6 25.Bxe6+ Kh7 26.Rc7 Qe4 27.Rxe7 Rae8 28.Bg8+ Rxg8 29.Rxe4 Bxe4
30.h4 g4 31.Nh2 Bd3 32.Rc1 Rc8 33.Rxc8 Rxc8 34.Nxg4 Bf5 35.Qf3 Bd3 36.Be5 Bxe5
37.Nxe5 Bc2 38.Qb7+  1-0

[Event "Wch U20"]
[Site "Zagan"]
[Date "1997.07.17"]
[Round "4"]
[White "Tihonov, Jurij"]
[Black "Avrukh, Boris"]
[Result "0-1"]
[WhiteElo "2415"]
[BlackElo "2550"]

1.d4 Nf6 2.c4 g6 3.Nc3 d5 4.cxd5 Nxd5 5.e4 Nxc3 6.bxc3 Bg7 7.Nf3 c5 8.Rb1 O-O
9.Be2 Nc6 10.d5 Ne5 11.Nxe5 Bxe5 12.Qd2 e6 13.f4 Bc7 14.O-O exd5 15.exd5 Ba5
16.d6 b6 17.Bf3 Bf5 18.Bxa8 Bxb1 19.Bd5 Bf5 20.Bb2 b5 21.Re1 Qf6 22.Re7 c4
23.Kh1 Bd3 24.Ba3 Bxc3 25.Qe3 Bd4 26.Qe1 Bc3 27.Rxf7 Rxf7 28.Qe8+ Kg7 29.d7 Qxf4
30.h3 Rxd7 31.Qxd7+ Kh6 32.Bc5 Bd4 33.Bxd4 Qxd4 34.Qf7 Qa1+ 35.Kh2 Qe5+ 36.g3 Qf5
37.Qe7 Qf2+ 38.Bg2 c3 39.Qh4+ Kg7 40.Qe7+ Qf7 41.Qc5 c2 42.Qd4+ Qf6 43.Qxa7+ Kh6
44.Qe3+ Qg5 45.Qf2 Bf5 46.Qc5 Qd8 47.h4 Qd2  0-1

[Event "Komercni Banka op"]
[Site "Pardubice"]
[Date "1997.07.18"]
[Round "2"]
[White "Kraai, Jesse"]
[Black "Hasangatin, Ramil"]
[Result "1-0"]
[WhiteElo "2345"]
[BlackElo "2470"]

1.d4 Nf6 2.c4 g6 3.Nc3 d5 4.cxd5 Nxd5 5.e4 Nxc3 6.bxc3 Bg7 7.Bc4 O-O 8.Ne2 Nc6
9.O-O e5 10.Ba3 Re8 11.Bxf7+ Kxf7 12.Qb3+ Be6 13.d5 Na5 14.dxe6+ Rxe6 15.Qa4 c6
16.Rad1 Qb6 17.Rd7+ Kg8 18.Ng3 Rae8 19.Nf5 Bf8 20.Bb4 Qb5 21.Qd1 c5 22.Bxa5 gxf5
23.exf5 R6e7 24.Qd5+ Kh8 25.Rxe7 Rxe7 26.f6 Rd7 27.Qxe5 Kg8 28.Qe8 Qc6 29.Bd8 Rd5
30.f7+ Kg7 31.Be7  1-0

[Event "Komercni Banka op"]
[Site "Pardubice"]
[Date "1997.07.19"]
[Round "3"]
[White "Gavrilov, Alexei"]
[Black "Iljin, Stanislav"]
[Result "1/2-1/2"]
[WhiteElo "2445"]
[BlackElo "2325"]

1.d4 Nf6 2.c4 g6 3.Nc3 d5 4.cxd5 Nxd5 5.e4 Nxc3 6.bxc3 Bg7 7.Qa4+ Qd7 8.Qxd7+ Nxd7
9.Nf3 O-O 10.Be3 e5 11.Rc1 Re8 12.Bc4 Nb6 13.Bb3 a5 14.a3 Bd7 15.Ng5 Re7
16.d5 Nc8 17.c4 h6 18.Nf3 Nd6 19.Nd2 b6 20.c5 bxc5 21.Rxc5 a4 22.Bc2 Bb5
23.f3 c6 24.dxc6 Rc7 25.Kf2 Rac8 26.Rc1 f5 27.exf5 Rxc6 28.Rxc6 Rxc6 29.f6 Bxf6
30.Ne4 Be7 31.Nxd6 Bxd6 32.Be4 Rxc1 33.Bxc1 Kg7 34.Bb2 Kf6 35.h4 Bc5+ 36.Ke1 g5
37.hxg5+ hxg5 38.Kd2 Bf1 39.g3 Bb5 40.Bc1 Bd4 41.Bd5 Bd7 42.g4 Bb5 43.Kc2 Kg6
44.Bd2 Kf6 45.Bb4 Bb6 46.Bd6 Bd4 47.Kd2 Bb2 48.Ke3 Bd4+ 49.Ke4 Be8 50.Kd3 Bb5+
51.Kc2 Ba1 52.Bb4 Bd4 53.Kd2 Bb6 54.Bf8 Bd4 55.Kc2 Ba1 56.Bd6 Bd4 57.Bc7 Bc5
58.Bd8+ Kg6 59.Be4+ Kh6 60.Kb2 Bd4+ 61.Ka2 Bc4+ 62.Kb1 Bc5 63.Kb2 Bd4+ 64.Kc2 Bb3+
65.Kb1 Bc5 66.Bf6 Bxa3 67.Bxe5 Bb4 68.Bc2 Bxc2+ 69.Kxc2 Kg6  1/2-1/2

[Event "Komercni Banka op"]
[Site "Pardubice"]
[Date "1997.07.20"]
[Round "4"]
[White "Rychagov, Andrei"]
[Black "Kopmann, Rene"]
[Result "1-0"]
[WhiteElo "2495"]
[BlackElo "2360"]

1.d4 Nf6 2.c4 g6 3.Nc3 d5 4.cxd5 Nxd5 5.e4 Nxc3 6.bxc3 Bg7 7.Bb5+ Nd7 8.Ne2 O-O
9.O-O a6 10.Bd3 c5 11.Be3 b5 12.a4 c4 13.Bc2 Nb6 14.axb5 axb5 15.Rxa8 Nxa8
16.Qa1 Bd7 17.Qa7 Nb6 18.Ra1 Nc8 19.Qc5 Re8 20.d5 Bf8 21.e5 e6 22.d6 f6 23.f4 Bh6
24.Bd4 Bg7 25.Ng3 Rf8 26.Be4 Bh6 27.Ne2 f5 28.Bb7 g5 29.Bf2 gxf4 30.Nd4 Qb6
31.Qxb6 Nxb6 32.Nxe6 Bxe6 33.Bxb6 Bg7 34.Bc6 Bxe5 35.Re1 Bxd6 36.Rxe6 Bb8
37.Bd5  1-0

[Event "Wch U20"]
[Site "Zagan"]
[Date "1997.07.22"]
[Round "8"]
[White "Pihlajasalo, Hannu"]
[Black "Henni, Mohamed"]
[Result "1/2-1/2"]
[WhiteElo "2185"]
[BlackElo "2375"]

1.d4 Nf6 2.c4 g6 3.Nc3 d5 4.cxd5 Nxd5 5.e4 Nxc3 6.bxc3 Bg7 7.Nf3 O-O 8.Be3 c5
9.Rc1 Qc7 10.Qd2 Rd8 11.Be2 Nc6 12.O-O Bg4 13.h3 Bxf3 14.Bxf3 e5 15.d5 Ne7
16.c4 Nc8 17.Bg5 Re8 18.Bd1 Nd6 19.Re1 f6 20.Bh6 Bxh6 21.Qxh6 Qg7 22.Qe3 Rac8
23.Bg4 f5 24.exf5 gxf5 25.Be2 Re7 26.f4 e4 27.Kh2 b6 28.Rcd1 Qb2 29.Qb3 Qf6
30.Qe3 Rb7 31.Rd2 Qh4 32.Rg1 Rg7 33.Rdd1 Kf7 34.g4 Qf6 35.gxf5 Rcg8 36.Bg4 Qb2+
37.Rg2 Qb4 38.Rdg1 Qxc4 39.Bh5+ Kf8 40.Rxg7 Rxg7 41.Rxg7 Kxg7 42.Qg1+ Kf8
43.f6 Nf5 44.f7 Nh6 45.Qg5 Qc2+ 46.Kh1 Qc1+ 47.Kh2 Qd2+ 48.Kh1 Qe1+ 49.Kh2 Qf2+
50.Kh1  1/2-1/2

[Event "Komercni Banka op"]
[Site "Pardubice"]
[Date "1997.07.25"]
[Round "9"]
[White "Akesson, Ralf"]
[Black "Konopka, Michal"]
[Result "1/2-1/2"]
[WhiteElo "2520"]
[BlackElo "2410"]

1.d4 Nf6 2.c4 g6 3.Nc3 d5 4.cxd5 Nxd5 5.e4 Nxc3 6.bxc3 Bg7 7.Bb5+ Nc6 8.Ne2 O-O
9.O-O Na5 10.Bg5 c6 11.Bd3 Be6 12.f4 Bc4 13.f5 b5 14.Rf3 Qc7 15.e5 Bxd3 16.Qxd3 f6
17.Bf4 fxe5 18.Bxe5 Bxe5 19.dxe5 Rad8 20.Qe4 gxf5 21.Rxf5 Rxf5 22.Qxf5 Nc4
23.e6 Rf8 24.Qg5+ Kh8 25.Ng3 Ne5 26.Rd1 Ng6 27.h4 Qe5 28.Qxe5+ Nxe5 29.Ne4 Kg7
30.g3 Rf3 31.Rd4 Rxc3 32.Kf2 Rc4 33.Ke3 Ng4+ 34.Kd3 Ne5+ 35.Ke3 Ng4+  1/2-1/2

[Event "Wch U20"]
[Site "Zagan"]
[Date "1997.07.25"]
[Round "11"]
[White "Balogh, Tomas"]
[Black "Rowson, Jonathan"]
[Result "1/2-1/2"]
[WhiteElo "2390"]
[BlackElo "2490"]

1.d4 Nf6 2.c4 g6 3.Nc3 d5 4.cxd5 Nxd5 5.e4 Nxc3 6.bxc3 Bg7 7.Bb5+ Bd7 8.Be2 c5
9.Nf3 cxd4 10.cxd4 Bc6 11.Qd3 O-O 12.O-O e6 13.Ba3 Re8 14.Ne5 Qa5 15.Nc4 Qa4
16.Rab1 Bb5 17.Rb4 Qa6 18.Rfb1 Bxc4 19.Rxc4 Nc6 20.Rcc1 Qxd3 21.Bxd3 Bxd4
22.Rxb7 Ne5 23.Be2 Rec8 24.Rbc7 Rxc7 25.Rxc7 Bb6 26.Rc2 Rd8  1/2-1/2

[Event "Wch U20"]
[Site "Zagan"]
[Date "1997.07.26"]
[Round "12"]
[White "Bae, Torstein"]
[Black "Szabo, Zsolt Jozsef"]
[Result "1/2-1/2"]
[WhiteElo "2200"]
[BlackElo "2435"]

1.d4 Nf6 2.c4 g6 3.Nc3 d5 4.cxd5 Nxd5 5.e4 Nxc3 6.bxc3 Bg7 7.Nf3 c5 8.Rb1 O-O
9.Be2 b6 10.O-O Bb7 11.Qd3 cxd4 12.cxd4 e6 13.Be3 Nc6 14.Rbd1 Qd7 15.Bg5 h6
16.Bh4 Rac8 17.Qe3  1/2-1/2

[Event "Bad Homburg"]
[Site "Bad Homburg"]
[Date "1997.07.30"]
[Round "5"]
[White "Xu Jun"]
[Black "Alterman, Boris"]
[Result "1/2-1/2"]
[WhiteElo "2505"]
[BlackElo "2615"]

1.d4 Nf6 2.c4 g6 3.Nc3 d5 4.cxd5 Nxd5 5.e4 Nxc3 6.bxc3 Bg7 7.Nf3 c5 8.Rb1 O-O
9.Be2 cxd4 10.cxd4 Qa5+ 11.Bd2 Qxa2 12.O-O Bg4 13.Bg5 h6 14.Be3 Nc6 15.d5 Bxf3
16.Bxf3 Ne5 17.Rxb7 e6 18.dxe6 Nxf3+ 19.Qxf3 Qxe6 20.Rxa7 Rxa7 21.Bxa7 Re8
22.g3 Qxe4  1/2-1/2

[Event "Montecatini Terme op"]
[Site "Montecatini Terme"]
[Date "1997.08.02"]
[Round "2"]
[White "Rupp, Markus"]
[Black "Niederstatter, Harald"]
[Result "1-0"]
[WhiteElo "2200"]
[BlackElo "2095"]

1.d4 Nf6 2.c4 g6 3.Nc3 d5 4.cxd5 Nxd5 5.e4 Nxc3 6.bxc3 Bg7 7.Bc4 O-O 8.Ne2 c5
9.Be3 Nc6 10.O-O Qc7 11.Rc1 Rd8 12.f4 Bg4 13.f5 Na5 14.Bd5 e6 15.fxe6 fxe6
16.Nf4 exd5 17.Qxg4 Nc4 18.Qe6+ Kh8 19.Nxg6+ hxg6 20.Rf3 Bxd4 21.cxd4 Nxe3
22.Rxc5 Qd7 23.Rh3+ Kg7  1-0

[Event "MK Cafe op-A"]
[Site "Koszalin"]
[Date "1997.08.03"]
[Round "1"]
[White "Nielsen, Peter Heine"]
[Black "Walach, Marcin"]
[Result "0-1"]
[WhiteElo "2515"]
[BlackElo "2295"]

1.d4 Nf6 2.c4 g6 3.Nc3 d5 4.cxd5 Nxd5 5.e4 Nxc3 6.bxc3 Bg7 7.Bc4 c5 8.Ne2 O-O
9.O-O Nc6 10.Be3 Bg4 11.f3 Na5 12.Bxf7+ Rxf7 13.fxg4 Rxf1+ 14.Kxf1 Qd6 15.e5 Qd5
16.Bf2 Rd8 17.Qc2 Qc4 18.Qb2 Qd3 19.Qb1 Qa6 20.g5 Kh8 21.Qc2 Qc4 22.Rc1 Nc6
23.Kg1 cxd4 24.cxd4 Qxc2 25.Rxc2 Bxe5 26.Rb2 Nxd4 27.Bxd4 Rxd4 28.Rxb7 Rd2
29.Kf2 Bd6 30.Kf3 Rxa2 31.Nd4 Ra3+ 32.Ke4 Ra5 33.h4 Re5+ 34.Kf3 a5 35.Ra7 Kg7
36.Nc6 Rf5+ 37.Ke2 Rf4 38.g3 Rf7 39.Rxa5 Bxg3 40.Ra4 Rf2+ 41.Ke3 Rh2 42.Nxe7 Bxh4
43.Rg4  0-1

[Event "Holger Blomstrand's op"]
[Site "Goeteborg"]
[Date "1997.08.09"]
[Round "1"]
[White "Kretz, Johan"]
[Black "Pribyl, Martin"]
[Result "1-0"]
[WhiteElo "2195"]
[BlackElo "2355"]

1.d4 Nf6 2.c4 g6 3.Nc3 d5 4.cxd5 Nxd5 5.e4 Nxc3 6.bxc3 Bg7 7.Be3 c5 8.Rc1 Qa5
9.Qd2 O-O 10.Nf3 e6 11.Bh6 cxd4 12.Bxg7 Kxg7 13.cxd4 Qxd2+ 14.Kxd2 Nc6 15.Ke3 Bd7
16.Rb1 Na5 17.Ne5 Ba4 18.Nc4 Nxc4+ 19.Bxc4 Rac8 20.Rhc1 b5 21.Bd3 a6 22.e5 a5
23.Rc5 Rxc5 24.dxc5 b4 25.Be4 f5 26.Bb7 f4+ 27.Kf3 Bc2 28.Rc1 b3 29.axb3 Bxb3
30.Ke4 Rf7 31.c6 Bd5+ 32.Kd4 a4 33.Rc3 f3 34.gxf3 Rf4+ 35.Kc5 Kh6 36.Kb5  1-0

[Event "Budapest FS08 IM"]
[Site "Budapest"]
[Date "1997.08.10"]
[Round "9"]
[White "Murzin, Lenar"]
[Black "Ladanyi, Tibor"]
[Result "1-0"]
[WhiteElo "2310"]
[BlackElo "2240"]

1.d4 Nf6 2.c4 g6 3.Nc3 d5 4.cxd5 Nxd5 5.e4 Nxc3 6.bxc3 Bg7 7.Be3 c5 8.Qd2 Qa5
9.Rb1 a6 10.Bd3 Nc6 11.Ne2 O-O 12.h4 cxd4 13.cxd4 Qxd2+ 14.Kxd2 e6 15.h5 Rd8
16.e5 b5 17.Bg5 Rd7 18.hxg6 fxg6 19.Rh4 Bb7 20.Rbh1 Bxe5 21.dxe5 Nxe5 22.Rd4 Rxd4
23.Nxd4 Bxg2 24.Re1 Nxd3 25.Kxd3 Bd5 26.a3 Rc8 27.Re3 Kf7 28.Nf3 Kg7 29.Nd4 h6
30.Be7 Kf7 31.Bd6 Rc1 32.Rh3 Rd1+ 33.Kc3 Rc1+ 34.Kd2 Rc4 35.Be5 h5 36.Nf3 Ra4
37.Rg3 Rc4 38.Bc3 Bxf3 39.Rxf3+ Ke7 40.Kd3 Rc6 41.Bb4+ Ke8 42.Rf8+ Kd7 43.Rf7+ Kd8
44.Rg7 Rc4 45.Rxg6 Kd7 46.Rg7+ Kc6 47.Ra7 Kb6 48.Re7 Rc6 49.Rh7 a5 50.Bc3 Rd6+
51.Bd4+ Kc6 52.Rxh5 b4 53.Rxa5 bxa3 54.Ra6+ Kd5 55.Rxd6+ Kxd6 56.Kc4 a2 57.f4 Kc6
58.Be5 Kb6 59.Kb3  1-0

[Event "Holger Blomstrand's op"]
[Site "Goeteborg"]
[Date "1997.08.14"]
[Round "6"]
[White "Czerwonski, Aleksander"]
[Black "Pribyl, Josef"]
[Result "1/2-1/2"]
[WhiteElo "2395"]
[BlackElo "2430"]

1.d4 Nf6 2.c4 g6 3.Nc3 d5 4.cxd5 Nxd5 5.e4 Nxc3 6.bxc3 Bg7 7.Bb5+ c6 8.Ba4 O-O
9.Ne2 b5 10.Bb3 a5 11.O-O  1/2-1/2

[Event "TCN Cup 3rd "]
[Site "Beijing"]
[Date "1997.08.16"]
[Round "7"]
[White "Atalik, Suat"]
[Black "Alterman, Boris"]
[Result "1-0"]
[WhiteElo "2590"]
[BlackElo "2615"]

1.d4 Nf6 2.c4 g6 3.Nc3 d5 4.cxd5 Nxd5 5.e4 Nxc3 6.bxc3 Bg7 7.Bb5+ c6 8.Ba4 a5
9.Ne2 b5 10.Bb3 O-O 11.O-O a4 12.Bc2 Ba6 13.Re1 Nd7 14.e5 e6 15.Ng3 c5 16.Ne4 Qc7
17.Ba3 Rfd8 18.Bxc5 Nxc5 19.Nxc5 Qa5 20.Qd2 Rac8 21.Qe3 Bf8 22.Ne4 Bb7 23.Nf6+ Kh8
24.Qh3 h6 25.Re3 Rxd4 26.Bxg6 Rdc4 27.Bd3 Qxc3 28.Rf1 Bg7 29.Qh5 Rf8 30.Rh3 Qd2
31.Bxc4 bxc4 32.Rd1 Qc2 33.Rg3 Be4 34.h4 Bg6 35.Qf3 Rb8 36.h5 Bf5 37.Rd7 Rf8
38.Rxg7 Qc1+ 39.Rd1 Qxd1+ 40.Qxd1 Kxg7 41.Qd4 Rc8 42.Qc3  1-0

[Event "ST Lee Cup 4th"]
[Site "Beijing"]
[Date "1997.08.23"]
[Round "1"]
[White "Wang Lei"]
[Black "Atalik, Suat"]
[Result "0-1"]
[WhiteElo "2375"]
[BlackElo "2590"]

1.d4 Nf6 2.c4 g6 3.Nc3 d5 4.cxd5 Nxd5 5.e4 Nxc3 6.bxc3 Bg7 7.Nf3 c5 8.Rb1 O-O
9.Be2 Qa5 10.O-O Qxc3 11.Bd2 Qa3 12.d5 b6 13.Bg5 Re8 14.Bb5 Bd7 15.Bc4 b5
16.Bxb5 Qxa2 17.Re1 Bxb5 18.Rxb5 h6 19.Bh4 Nd7 20.Rb7 Rad8 21.d6 g5 22.dxe7 Rxe7
23.Bg3 Qe6 24.Rxa7 Ree8 25.Bc7 Rc8 26.h3 Nf8 27.Bg3 c4 28.e5 Qg6 29.Qb1 c3
30.Ra2 f5 31.Rc2 Kh8 32.Qb3 f4 33.Bh2 Qd3 34.Rec1 Bxe5 35.Nxe5 Rxe5 36.g3 f3
37.g4 Rb5 38.Qa3 Ne6 39.Qa6 Qd7 40.Re1 Kh7 41.Qa4 Nd4 42.Be5 Re8 43.Rcc1 Rd5
44.Qxd7+ Rxd7 45.Bxd4 Rxe1+ 46.Rxe1 Rxd4 47.Re7+ Kg6 48.Rc7 Rd3 49.Rc6+ Kf7
50.Kh2 Ke7 51.Kg3 Kd7 52.Rc4 Kd6 53.h4 Kd5 54.Rc8 Kd4 55.hxg5 hxg5 56.Rc7 Rd2
57.Kxf3 c2 58.Rd7+ Kc3 59.Rc7+ Kb2 60.Ke3 Rd7 61.Rxd7 c1=Q+ 62.Ke2 Qc4+ 63.Kd2 Qb4+
64.Ke3 Qf4+  0-1

[Event "ST Lee Cup 4th"]
[Site "Beijing"]
[Date "1997.08.24"]
[Round "2"]
[White "Atalik, Suat"]
[Black "Lin Weiguo"]
[Result "1/2-1/2"]
[WhiteElo "2590"]
[BlackElo "2470"]

1.d4 Nf6 2.c4 g6 3.Nc3 d5 4.cxd5 Nxd5 5.e4 Nxc3 6.bxc3 Bg7 7.Ba3 Nd7 8.Nf3 c5
9.Qb3 O-O 10.Be2 cxd4 11.cxd4 Nf6 12.e5 Nd5 13.O-O b6 14.Ng5 h6 15.Bf3 Bb7
16.Ne4 Qd7 17.Rfe1 Rac8 18.Rad1 Rfd8 19.e6 fxe6 20.Bg4 Rc6 21.Bc1 Bc8 22.h4 Rf8
23.Rd2 Qe8 24.Bf3 Bd7 25.Qa3 a5 26.Ng3 Rd6 27.Ne4 Rc6 28.Ng3 Rd6  1/2-1/2

[Event "Chania op 7th"]
[Site "Chania"]
[Date "1997.09.05"]
[Round "3"]
[White "Nenashev, Alexander"]
[Black "Anev, Asen"]
[Result "1-0"]
[WhiteElo "2585"]
[BlackElo "2215"]

1.d4 Nf6 2.c4 g6 3.Nc3 d5 4.cxd5 Nxd5 5.e4 Nxc3 6.bxc3 Bg7 7.Bc4 c5 8.Ne2 O-O
9.O-O Qc7 10.Bf4 e5 11.Bxe5 Bxe5 12.dxe5 Qxe5 13.Bd5 Nc6 14.f4 Qe7 15.Qd2 Be6
16.f5 Bxd5 17.exd5 Rfe8 18.Ng3 Ne5 19.Rae1 Qh4 20.Ne4 Nc4 21.Qc2 Re5 22.fxg6 hxg6
23.Qd3 b5 24.Nf6+ Kg7 25.Rxe5 Nxe5 26.Qe3 Ng4 27.Nxg4 Qxg4 28.Qe7 Rf8 29.d6 Qe6
30.Qxe6 fxe6 31.Rxf8 Kxf8 32.h4 b4 33.cxb4 cxb4 34.g4 a5 35.h5 gxh5 36.gxh5 a4
37.h6 b3 38.axb3 axb3 39.h7 Kg7 40.d7  1-0

[Event "EU-ch U20"]
[Site "Tallinn"]
[Date "1997.09.13"]
[Round "4"]
[White "Balogh, Peter"]
[Black "Zitin, Yuri"]
[Result "1/2-1/2"]
[WhiteElo "2285"]
[BlackElo "2215"]

1.d4 Nf6 2.c4 g6 3.Nc3 d5 4.cxd5 Nxd5 5.e4 Nxc3 6.bxc3 Bg7 7.Bb5+ c6 8.Ba4 O-O
9.Ne2 b5 10.Bb3 Bb7 11.O-O c5 12.f3 cxd4 13.cxd4 Nc6 14.Be3 Na5 15.Rc1 Rc8
16.Rxc8 Qxc8 17.Qd2 Nxb3 18.axb3 Qd7 19.Rc1 Rc8 20.Rxc8+ Qxc8 21.Qb4 e6 22.Kf2 a6
23.Bd2 Bf8 24.Qc3 Qxc3 25.Nxc3 Bb4  1/2-1/2

[Event "EU-ch U20"]
[Site "Tallinn"]
[Date "1997.09.13"]
[Round "4"]
[White "Belozerov, Andrei"]
[Black "Lytchak, Alexander"]
[Result "1-0"]
[WhiteElo "2450"]
[BlackElo "2390"]

1.d4 Nf6 2.c4 g6 3.Nc3 d5 4.cxd5 Nxd5 5.e4 Nxc3 6.bxc3 Bg7 7.Nf3 c5 8.Rb1 O-O
9.Be2 b6 10.O-O Bb7 11.Qd3 Ba6 12.Qe3 cxd4 13.cxd4 Qd7 14.Ba3 Re8 15.d5 Bxe2
16.Qxe2 e6 17.d6 Qa4 18.Qd3 Nd7 19.Rfc1 Rec8 20.Rc7 Bf8 21.h4 Nc5 22.Bxc5 bxc5
23.e5 Qxa2 24.Rbb7 Qa1+ 25.Kh2 Bg7 26.Qe4 Rf8 27.Rxf7  1-0

[Event "EU-ch U20"]
[Site "Tallinn"]
[Date "1997.09.14"]
[Round "5"]
[White "Lytchak, Alexander"]
[Black "Ruck, Robert"]
[Result "1/2-1/2"]
[WhiteElo "2390"]
[BlackElo "2465"]

1.d4 Nf6 2.c4 g6 3.Nc3 d5 4.cxd5 Nxd5 5.e4 Nxc3 6.bxc3 Bg7 7.Bc4 c5 8.Ne2 Nc6
9.Be3 O-O 10.O-O Qc7 11.Rc1 Rd8 12.Qd2 a6 13.Bh6 b5 14.Bxg7 Kxg7 15.Bb3 Bb7
16.Qg5 Na5  1/2-1/2

[Event "EU-ch U20"]
[Site "Tallinn"]
[Date "1997.09.14"]
[Round "5"]
[White "Banikas, Hristos"]
[Black "Rowson, Jonathan"]
[Result "1/2-1/2"]
[WhiteElo "2450"]
[BlackElo "2490"]

1.d4 Nf6 2.c4 g6 3.Nc3 d5 4.cxd5 Nxd5 5.e4 Nxc3 6.bxc3 Bg7 7.Be3 c5 8.Qd2 O-O
9.Nf3 Qa5 10.Rc1 Nd7 11.Bd3 Nb6 12.Bh6 Rd8 13.Bxg7 Kxg7 14.d5 f6 15.c4 Qxd2+
16.Nxd2 Bd7 17.f4 e5 18.g3 Nc8 19.O-O Nd6 20.Rc2 Re8 21.Kg2 Rac8 22.Rb2 b5
23.Rc1 a6 24.Rbc2 b4 25.a3 bxa3 26.Rc3 a5 27.Rxa3 a4 28.Bc2 Rb8 29.Rca1 Rb2
30.R1a2 Reb8 31.Kf3 Rxa2 32.Rxa2 Rb4 33.Bd3 g5 34.fxe5 Kf8 35.Ke3 Ke7 36.Be2 Kd8  1/2-1/2